000 00621nam a2200217Ii 4500
003 JO-AjNU
008 230606s9999||||xx |||||||||||||| ||und||
020 _a978-0-7637-2410/0-7637-2410-6
040 _aJO-AjNU
_beng
_erda
_cJO-AjNU
041 _aeng
050 1 4 _aTK5105.5.R3722 2004
100 3 _aTavani, Herman/Richard spinello,
_eauthor
_9541
245 0 0 _aReadings in Cyberethics
250 _a2 ed
264 3 1 _aBoston: jones, 2004
300 _a696p
336 _atext
_btxt
_2rdacontent
337 _aunmediated
_bn
_2rdamedia
338 _avolume
_bnc
_2rdacarrier
650 4 _aReadings in Cyberethics
_9542
999 _aE287
_c287
_d287